00000000nam 2200000zi 4500
0019.933057
003CaOODSP
00520250124101748
006m     o  d f      
007cr |n|||||||||
008240129e196808  onc     ob   f000 0|eng d
040 |aCaOODSP|beng|erda|cCaOODSP
043 |an-cn---
0861 |aId35-4/1968E-PDF
24500|aSubstitute dairy products and their effect on the Canadian dairy industry.
264 1|aOttawa, Canada : |bFood Products Branch, Department of Industry, |cAugust 1968.
300 |a1 online resource (124 pages)
336 |atext|btxt|2rdacontent
337 |acomputer|bc|2rdamedia
338 |aonline resource|bcr|2rdacarrier
500 |aDigitized edition from print [produced by Innovation, Science and Economic Development Canada].
504 |aIncludes bibliographical references.
650 0|aDairy products industry|zCanada.
650 0|aSubstitute products |zCanada.
650 6|aIndustrie laitière|zCanada.
650 6|aProduits de remplacement|zCanada.
7101 |aCanada. |bDepartment of Industry, |eissuing body.
85640|qPDF|s2.21 MB|uhttps://publications.gc.ca/collections/collection_2025/isde-ised/Id35-4-1968-eng.pdf